Culture générale - Géographie - Série 2 - Statistiques

Statistiques générales
  • Ce quiz a été pris 639 fois
  • Le résultat moyen est 5 sur 10
Statistiques - réponses
Question Réponse % Correct
Quel océan borde à la fois l’Uruguay et la Guinée ? L’océan Atlantique
92%
Quel est le seul pays partageant une frontière terrestre avec le Royaume-Uni ? L’Irlande
90%
Combien d’états composaient l’URSS avant sa dissolution en 1991 ? 15
66%
Quelle fut la dernière capitale française en date autre que Paris ? Vichy
62%
Quelle chaîne de montagne se dresse dans l’ouest de États-unis ? Les Rocheuses
56%
Quel est le chef-lieu de la Creuse ? Guéret
44%
Avec Pretoria, Le Cap et Johannesbourg, quelle est la quatrième ville « capitale » de l’Afrique du Sud, centre du pouvoir judiciaire ? Bloemfontein
37%
Quelle région d’Azerbaïdjan majoritairement composée d’Arméniens réclame l’indépendance ? Le Haut-Karabagh
17%
Quelle île du Yémen est connue pour abriter des centaines d’espèces endémiques comme le dragonnier, ou arbre parasol ? Socotra
14%
Selon Renaud, ou va se « barrer » celui qui vient lui « taper 100 balles » ? À Katmandou
10%
Aucun quiz correspondant
Distribution des résultats
% des personnes avec chaque résultat
Percentile par nombre de réponses
Votre historique - résultats
Vous n’avez pas pris ce quiz